Hodnotenie kvality služieb medzinárodných osobných leteckých dopravcov bakalárska práca

Enregistré dans:
Détails bibliographiques
Auteur principal: Pásztorová, Orsolya
Collectivité auteur: Obchodná fakulta EU. Katedra služieb a cestovného ruchu - zrušené
Autres auteurs: Frasch, Alexander, 1992-
Format: Livre
Langue:slovaque
Publié: Bratislava 2020
Tags: Ajouter un tag
Pas de tags, Soyez le premier à ajouter un tag!

MARC

LEADER 00000nbm a2200000 4500
001 0266554
005 20201202082015.7
041 0 |a slo 
044 |a SK 
245 1 0 |a Hodnotenie kvality služieb medzinárodných osobných leteckých dopravcov  |b bakalárska práca  |c Orsolya Pásztorová ; školiteľ: Alexander Frasch 
264 1 |a Bratislava  |c 2020 
300 |a 60 s. 
100 1 |a Pásztorová, Orsolya 
700 1 |a Frasch, Alexander, 1992- 
710 2 |a Obchodná fakulta EU. Katedra služieb a cestovného ruchu - zrušené